000 00830nam a2200217Ii 4500
003 JO-AjNU
008 230605s9999||||xx |||||||||||||| ||und||
017 _a1997/14403
020 _a977-200-192-6
040 _aJO-AjNU
_bara
_erda
_cJO-AjNU
041 _aara
050 1 4 _aPJ6126.I276 1997
100 3 _aاعداد محمد عطا، إبراهيم؛ عبد اللطيف أحمد لطف الله,
_eauthor
_940680
245 0 0 _aالخط والإملاء تدريس وقواعد
264 3 1 _aالقاهرة: مكتبة النهضة المصرية، 1997
300 _a80ص
336 _atext
_btxt
_2rdacontent
337 _aunmediated
_bn
_2rdamedia
338 _avolume
_bnc
_2rdacarrier
650 4 _aالخط العربي-دراسة وتعليم-اللغة العربية-قواعد الاملاء والهجاء
_940681
999 _aA17284
_c20852
_d20852